000 00453nam a2200145 a 4500
001 000039808
005 20201002033739.0
008 130722s1989 cu 000 0 spa d
040 _aDO-SdBNP
_bspa
_cBNPHU
082 _axxx
245 0 0 _aAndres Bello /
_ceditor Manuel Gayol Mecías.
260 _aCuba :
_bCentro de Investigaciones Literarias, Casa de las Américas,
_c1989.
300 _a848 p. ;
_c21 cm.
700 1 _aGayol Mecías, Manuel,
_eed.
_966004
999 _c39298
_d39298